[Event "4NCL Online Division 5"]
[Site "online"]
[Date "2020.04.21"]
[Round "3.43"]
[White "Sainbayar, Anuurai"]
[Black "Ball, Katie C"]
[Result "1-0"]
[WhiteElo "1584"]
[BlackElo "1532"]
[PlyCount "79"]
[EventDate "2020.04.21"]
[WhiteTeam "Wirral League Wanderers"]
[BlackTeam "Doughnuts of Doom"]

1. d4 e6 2. Bf4 f5 3. e3 Nf6 4. h3 b6 5. Nd2 Bb7 6. Ngf3 Bd6 7. Ne5 O-O 8. Ndf3
Nc6 9. Bc4 Ne4 10. Qe2 a6 11. O-O-O b5 12. Nxc6 Bxc6 13. Bb3 a5 14. a3 a4 15.
Ba2 b4 16. d5 exd5 17. Bxd6 cxd6 18. axb4 Qb6 19. Rd4 a3 20. c3 axb2+ 21. Qxb2
Qa7 22. Bb1 Rfc8 23. Bxe4 fxe4 24. Nd2 Bb5 25. Nb3 Bc4 26. Na5 Rcb8 27. Qa3 Rc8
28. f4 Rc7 29. Kd2 Rac8 30. Rc1 Qa6 31. Nxc4 Qc6 32. Na5 Qb5 33. Qb3 Ra8 34.
Rxd5 Qxd5+ 35. Qxd5+ Kf8 36. Qxa8+ Ke7 37. Qxe4+ Kd8 38. Qf5 Ke7 39. Rd1 g6 40.
Qe4+ 1-0

[Event "4NCL Online Division 5"]
[Site "online"]
[Date "2020.04.21"]
[Round "3.44"]
[White "Ball, Charlie"]
[Black "Campbell, Graeme"]
[Result "1-0"]
[WhiteElo "1555"]
[BlackElo "1015"]
[PlyCount "77"]
[EventDate "2020.04.21"]
[WhiteTeam "Doughnuts of Doom"]
[BlackTeam "Wirral League Wanderers"]

1. e4 d6 2. d3 Nf6 3. Nf3 g6 4. Be2 Bg7 5. Nbd2 O-O 6. h4 Bg4 7. Nd4 c5 8. Bxg4
cxd4 9. h5 Bh6 10. hxg6 Bxd2+ 11. Bxd2 fxg6 12. Be6+ Kg7 13. Bh6+ Kh8 14. Bxf8
Qxf8 15. Qf3 Nc6 16. O-O-O Ne5 17. Qe2 b5 18. f4 Nf7 19. Qf3 Nd8 20. Bb3 a5 21.
e5 a4 22. Qxa8 axb3 23. exf6 bxa2 24. Qxa2 Qxf6 25. Rdf1 Kg7 26. Qa8 Ne6 27. g3
Qf5 28. Rxh7+ Kxh7 29. Rh1+ Kg7 30. Qh8+ Kf7 31. Rh7+ Ng7 32. Rxg7+ Ke6 33.
Qc8+ Kf6 34. Qxf5+ Kxf5 35. Rxe7 Kg4 36. Re6 Kxg3 37. Rxg6+ Kxf4 38. Rxd6 Ke3
39. Rb6 1-0

[Event "4NCL Online Division 5"]
[Site "online"]
[Date "2020.04.21"]
[Round "3.51"]
[White "Pincheira Sarmiento, Bernardo"]
[Black "Jackson, Edward"]
[Result "0-1"]
[WhiteElo "1795"]
[BlackElo "1712"]
[PlyCount "84"]
[EventDate "2020.04.21"]
[WhiteTeam "Nottingham University 2"]
[BlackTeam "Manchester Juniors B"]

1. d4 Nf6 2. c4 g6 3. Nf3 Bg7 4. Nc3 O-O 5. Bg5 d6 6. e3 h6 7. Bh4 Nbd7 8. Bd3
e5 9. O-O c6 10. Qc2 Qe8 11. dxe5 dxe5 12. Rac1 Nc5 13. Be2 Bf5 14. Qd1 Rd8 15.
Qe1 Nd3 16. Bxd3 Bxd3 17. h3 Bxf1 18. Kxf1 Qe6 19. b3 Rd7 20. Bg3 Nh5 21. Bh2
Rfd8 22. Ne4 b6 23. c5 f5 24. Ng3 Nxg3+ 25. Bxg3 e4 26. Nd4 Bxd4 27. exd4 Rxd4
28. cxb6 axb6 29. Bc7 R8d7 30. Bxb6 Rd2 31. Ra1 Qd6 32. Be3 Qd3+ 33. Kg1 Rd1
34. Rxd1 Qxd1 35. Kf1 Kf7 36. Bxh6 Ke6 37. Bf4 Qxe1+ 38. Kxe1 Ra7 39. a4 Rb7
40. a5 Rxb3 41. Bc7 Rb2 42. a6 Ra2 0-1

[Event "4NCL Online Division 5"]
[Site "online"]
[Date "2020.04.21"]
[Round "3.52"]
[White "Jayawarna, Tarini"]
[Black "Dabner, Tom"]
[Result "0-1"]
[WhiteElo "1520"]
[BlackElo "1690"]
[PlyCount "66"]
[EventDate "2020.04.21"]
[WhiteTeam "Manchester Juniors B"]
[BlackTeam "Nottingham University 2"]

1. e4 d5 2. exd5 Nf6 3. d4 Nxd5 4. c4 Nb4 5. Qa4+ N8c6 6. d5 b5 7. Qd1 Bf5 8.
Na3 Ne5 9. Nf3 Ned3+ 10. Bxd3 Nxd3+ 11. Ke2 e5 12. Nxb5 Bc5 13. Be3 Bxe3 14.
fxe3 e4 15. Qa4 exf3+ 16. gxf3 O-O 17. e4 Nc5 18. Qa3 Qe7 19. Nd4 Bxe4 20. fxe4
Qxe4+ 21. Qe3 Qg2+ 22. Qf2 Rae8+ 23. Ne6 Qxf2+ 24. Kxf2 fxe6+ 25. Kg2 exd5 26.
cxd5 Re2+ 27. Kg3 Ne4+ 28. Kg4 Rg2+ 29. Kh3 Rg6 30. Rhg1 Rf3+ 31. Kh4 Rf4+ 32.
Rg4 Rfxg4+ 33. Kh3 Nf2# 0-1

[Event "4NCL Online Division 5"]
[Site "online"]
[Date "2020.04.21"]
[Round "3.53"]
[White "Kuralla, Kaushik"]
[Black "Fairclough, William"]
[Result "1-0"]
[WhiteElo "1585"]
[BlackElo "1412"]
[PlyCount "117"]
[EventDate "2020.04.21"]
[WhiteTeam "Nottingham University 2"]
[BlackTeam "Manchester Juniors B"]

1. c4 c6 2. Nc3 d5 3. d4 e6 4. Nf3 Bb4 5. Bd2 Nf6 6. a3 Bxc3 7. Bxc3 dxc4 8. e3
O-O 9. Bxc4 Nd5 10. e4 Nxc3 11. bxc3 b5 12. Bb3 Ba6 13. Ne5 Qc7 14. Rc1 Nd7 15.
Nxd7 Qxd7 16. a4 Qd6 17. e5 Qe7 18. axb5 cxb5 19. O-O b4 20. c4 Rac8 21. f4 f6
22. Rf3 Bb7 23. Rh3 fxe5 24. fxe5 Qg5 25. Rg3 Qf4 26. c5 Qf2+ 27. Kh1 Rf4 28.
Bxe6+ Kh8 29. Bxc8 Bxc8 30. Rf3 Rxf3 31. Qxf3 Qa2 32. Qf8+ Qg8 33. Qxg8+ Kxg8
34. Rb1 a5 35. Ra1 Bf5 36. Rxa5 b3 37. Rb5 Bc2 38. c6 Be4 39. c7 Bf5 40. Rxb3
Be6 41. Rb8+ Kf7 42. c8=Q Bxc8 43. Rxc8 Ke6 44. Rd8 g5 45. g4 h6 46. Kg2 Ke7
47. Rd6 Kf7 48. Rxh6 Kg7 49. e6 Kxh6 50. e7 Kg6 51. e8=Q+ Kf6 52. Kf3 Kg7 53.
d5 Kf6 54. d6 Kg7 55. d7 Kf6 56. d8=Q+ Kg7 57. Qd6 Kh7 58. Qee7+ Kg8 59. Qdd8#
1-0

[Event "4NCL Online Division 5"]
[Site "online"]
[Date "2020.04.21"]
[Round "3.54"]
[White "Jayawarna, Thisumi"]
[Black "Litherland, Jack"]
[Result "1-0"]
[WhiteElo "1316"]
[BlackElo "1300"]
[PlyCount "67"]
[EventDate "2020.04.21"]
[WhiteTeam "Manchester Juniors B"]
[BlackTeam "Nottingham University 2"]

1. e4 e5 2. Nf3 Nc6 3. Bc4 Bc5 4. c3 d6 5. h3 Nf6 6. d3 h6 7. O-O O-O 8. Bb3 d5
9. exd5 Nxd5 10. Re1 Re8 11. d4 Bb6 12. dxe5 Be6 13. Bxd5 Bxd5 14. Nbd2 Qe7 15.
c4 Be6 16. b3 Rad8 17. Bb2 Nd4 18. Qc1 Nxf3+ 19. Nxf3 Bd7 20. Qc3 Qe6 21. c5
Bc6 22. cxb6 axb6 23. Nd4 Qg6 24. Nxc6 bxc6 25. Rad1 Ra8 26. a4 Ra5 27. Rd7 Rc5
28. Qd3 Qg5 29. e6 fxe6 30. Rxg7+ Qxg7 31. Bxg7 Kxg7 32. Qd7+ Kf8 33. Rxe6 Rxe6
34. Qxe6 1-0

[Event "4NCL Online Division 5"]
[Site "online"]
[Date "2020.04.21"]
[Round "3.61"]
[White "Chung, Ethan Cheung Jing"]
[Black "Millar, Greg F"]
[Result "1/2-1/2"]
[WhiteElo "1847"]
[BlackElo "1727"]
[PlyCount "138"]
[EventDate "2020.04.21"]
[WhiteTeam "Young Dragons"]
[BlackTeam "Maryport Assassins B"]

1. e4 c6 2. d4 d5 3. e5 Bf5 4. c3 e6 5. Bd3 Bxd3 6. Qxd3 Qb6 7. Nf3 Qa6 8. Qxa6
Nxa6 9. O-O c5 10. Be3 Rc8 11. Nbd2 Ne7 12. h3 Ng6 13. Rac1 Be7 14. Nb3 b6 15.
Rfd1 O-O 16. a4 Rfd8 17. a5 c4 18. axb6 axb6 19. Ra1 Ra8 20. Nc1 Nc7 21. Ne2 b5
22. Bg5 f6 23. exf6 gxf6 24. Bf4 Nxf4 25. Nxf4 b4 26. Re1 Kf7 27. g4 Bd6 28.
Ng2 Nb5 29. cxb4 Bxb4 30. Rec1 Rdb8 31. Ne3 Bd6 32. Nc2 Nc7 33. Rxa8 Rxa8 34.
Ra1 Rxa1+ 35. Nxa1 Bf4 36. Kf1 Nb5 37. Ke2 e5 38. dxe5 fxe5 39. b3 e4 40. Nh4
Be5 41. bxc4 Na3 42. Nb3 dxc4 43. Nc5 c3 44. Nb3 Bf4 45. Nf5 c2 46. Ne3 Kg6 47.
h4 h5 48. g5 Bh2 49. Nc1 Bg1 50. Ke1 Bh2 51. Ne2 Be5 52. Kd2 Ba1 53. Nf4+ Kf7
54. Nxc2 Nxc2 55. Kxc2 Bd4 56. Nh3 Kg6 57. Nf4+ Kf5 58. Nxh5 Bxf2 59. Ng7+ Kg6
60. Ne6 Bxh4 61. Kd2 Bxg5+ 62. Nxg5 Kxg5 63. Ke3 Kf5 64. Ke2 Kf4 65. Kf2 e3+
66. Ke2 Ke4 67. Ke1 Kd3 68. Kd1 e2+ 69. Ke1 Ke3 1/2-1/2

[Event "4NCL Online Division 5"]
[Site "online"]
[Date "2020.04.21"]
[Round "3.62"]
[White "Stone, Ian C"]
[Black "Wu, Yuxuan"]
[Result "1-0"]
[WhiteElo "1675"]
[BlackElo "1480"]
[PlyCount "91"]
[EventDate "2020.04.21"]
[WhiteTeam "Maryport Assassins B"]
[BlackTeam "Young Dragons"]

1. e4 c5 2. Nf3 d6 3. Bb5+ Bd7 4. Bxd7+ Qxd7 5. O-O Nf6 6. Re1 Nc6 7. a3 g6 8.
c3 Bg7 9. d4 cxd4 10. cxd4 O-O 11. Nc3 a6 12. Bg5 Na5 13. e5 Ne8 14. Nd5 e6 15.
Nb6 Qc6 16. Nxa8 f6 17. Bd2 Nc4 18. b3 Nxd2 19. Qxd2 fxe5 20. Rac1 Qb5 21. Nc7
Nxc7 22. Rxc7 Qxb3 23. Qe3 Qb6 24. Rec1 Qb2 25. Rc8 Rxc8 26. Rxc8+ Kf7 27. Rc7+
Kg8 28. dxe5 d5 29. Qc1 Qxc1+ 30. Rxc1 b5 31. Rc6 d4 32. Nxd4 Bxe5 33. Nxe6 a5
34. Rc5 b4 35. Rxe5 b3 36. Rxa5 b2 37. Rb5 Kf7 38. Nd4 b1=Q+ 39. Rxb1 Kf6 40.
a4 Ke5 41. Nf3+ Kd5 42. a5 Kc6 43. a6 g5 44. a7 g4 45. a8=Q+ Kd6 46. Rb6+ 1-0

[Event "4NCL Online Division 5"]
[Site "online"]
[Date "2020.04.21"]
[Round "3.63"]
[White "Davies, Milo"]
[Black "Tyson, Terry"]
[Result "0-1"]
[WhiteElo "1420"]
[BlackElo "1667"]
[PlyCount "130"]
[EventDate "2020.04.21"]
[WhiteTeam "Young Dragons"]
[BlackTeam "Maryport Assassins B"]

1. e4 d5 2. exd5 Nf6 3. c4 e6 4. dxe6 Bxe6 5. d4 Bb4+ 6. Nc3 Bxc3+ 7. bxc3 Qe7
8. Be3 O-O 9. h3 Nbd7 10. Nf3 Nb6 11. Ne5 Ne8 12. Bd3 f6 13. Bxh7+ Kxh7 14.
Qh5+ Kg8 15. Ng6 Qa3 16. O-O Bxc4 17. Rfe1 Bd3 18. Qh8+ Kf7 19. Nxf8 Qxf8 20.
Qh5+ Kg8 21. Rad1 Bc4 22. Bf4 Nd5 23. Bd2 Qf7 24. Qxf7+ Kxf7 25. a3 Nd6 26. a4
Ba6 27. g4 Nc4 28. g5 Nxd2 29. Rxd2 Nxc3 30. gxf6 Kxf6 31. Rc2 Nd5 32. Re5 Nb4
33. Rxc7 Nd3 34. Ree7 Rg8 35. d5 Rf8 36. d6 Rd8 37. d7 Kxe7 38. Kg2 Rxd7 39.
Rxd7+ Kxd7 40. Kg3 Ke7 41. f4 Kf6 42. Kg4 Nb2 43. a5 Nc4 44. h4 Nxa5 45. h5 b5
46. Kf3 Nc4 47. Ke4 Bb7+ 48. Kd4 a5 49. Kc5 Ba6 50. Kd4 a4 51. Kc3 a3 52. Kb3
Bc8 53. Ka2 Be6 54. Kb3 Kf5 55. Kc3 a2 56. Kd4 a1=Q+ 57. Kd3 Nb2+ 58. Ke3 Qd1
59. h6 Qd3+ 60. Kf2 gxh6 61. Kg2 Kg4 62. Kf2 Nd1+ 63. Kg2 Bd5+ 64. Kg1 Qf3 65.
Kh2 Qg2# 0-1

[Event "4NCL Online Division 5"]
[Site "online"]
[Date "2020.04.21"]
[Round "3.64"]
[White "Bowler, Tim"]
[Black "Davies, Tom"]
[Result "1-0"]
[WhiteElo "1577"]
[BlackElo "1405"]
[PlyCount "57"]
[EventDate "2020.04.21"]
[WhiteTeam "Maryport Assassins B"]
[BlackTeam "Young Dragons"]

1. d4 Nf6 2. Bg5 e6 3. e4 d5 4. e5 h6 5. Be3 Ne4 6. Bd3 c5 7. c3 Nc6 8. Bb5 a6
9. Bxc6+ bxc6 10. f3 Qh4+ 11. Kf1 Ng3+ 12. hxg3 Qxh1 13. f4 cxd4 14. cxd4 a5
15. Kf2 Ba6 16. Nd2 g6 17. Rc1 Kd7 18. Qc2 c5 19. Nh3 Bd3 20. Qa4+ Ke7 21. Rxh1
g5 22. Qc6 Bg7 23. Qb7+ Kf8 24. Qxa8+ Ke7 25. Qb7+ Kd8 26. dxc5 Re8 27. c6 Re7
28. Bb6+ Ke8 29. Qc8# 1-0

[Event "4NCL Online Division 5"]
[Site "online"]
[Date "2020.04.21"]
[Round "3.71"]
[White "Whatmore, Steve"]
[Black "Porter, Andrew"]
[Result "1/2-1/2"]
[WhiteElo "1817"]
[BlackElo "1675"]
[PlyCount "114"]
[EventDate "2020.04.21"]
[WhiteTeam "Rugeley"]
[BlackTeam "Bristol University B"]

1. d4 d5 2. Nf3 Nf6 3. c4 e6 4. Nc3 Be7 5. Bf4 O-O 6. e3 Nbd7 7. Qc2 c5 8. cxd5
exd5 9. Be2 Re8 10. O-O Nf8 11. Rfd1 Ne6 12. Be5 cxd4 13. Nxd4 Nxd4 14. Bxd4
Be6 15. Qb3 Ne4 16. Nxe4 dxe4 17. Bc4 Bxc4 18. Qxc4 Qc8 19. Rdc1 Qf5 20. Qb3
Bf6 21. Bxf6 Qxf6 22. Rc7 b5 23. Qxb5 Rab8 24. Rb7 Qd6 25. h3 g6 26. Rc1 Rxb7
27. Qxb7 Qd2 28. Rc8 Rxc8 29. Qxc8+ Kg7 30. Qc3+ Qxc3 31. bxc3 Kf6 32. Kf1 Ke6
33. Ke2 Kd5 34. Kd2 Kc5 35. Kc2 h6 36. Kb3 f5 37. c4 g5 38. Kc3 a5 39. a4 h5
40. f3 exf3 41. gxf3 g4 42. fxg4 hxg4 43. hxg4 fxg4 44. Kd3 g3 45. Ke2 Kxc4 46.
Kf3 Kd3 47. e4 g2 48. Kxg2 Kxe4 49. Kf2 Kd3 50. Ke1 Kc2 51. Ke2 Kb3 52. Kd2
Kxa4 53. Kc2 Ka3 54. Kb1 Kb3 55. Ka1 a4 56. Kb1 a3 57. Ka1 a2 1/2-1/2

[Event "4NCL Online Division 5"]
[Site "online"]
[Date "2020.04.21"]
[Round "3.72"]
[White "Kelly, Aaron"]
[Black "Carr, Matthew"]
[Result "1-0"]
[WhiteElo "1600"]
[BlackElo "1692"]
[PlyCount "142"]
[EventDate "2020.04.21"]
[WhiteTeam "Bristol University B"]
[BlackTeam "Rugeley"]

1. e4 e5 2. Nf3 Nc6 3. c3 d5 4. Qa4 dxe4 5. Qxe4 Nf6 6. Qc2 Bc5 7. Bc4 O-O 8.
b4 Bb6 9. O-O e4 10. Ng5 Bf5 11. d3 exd3 12. Bxd3 Bxd3 13. Qb3 Bxf1 14. Kxf1
Qd5 15. Qc2 Rad8 16. Nf3 Qd1+ 17. Qxd1 Rxd1+ 18. Ke2 Rxc1 19. Kd2 Rxb1 20. Rxb1
Bxf2 21. Rf1 Rd8+ 22. Ke2 Bb6 23. h3 h6 24. g4 Ne4 25. Ke1 Nxc3 26. a3 Re8+ 27.
Kd2 Ne4+ 28. Kc2 Nd4+ 29. Nxd4 Bxd4 30. Kd3 Bb2 31. a4 Ba3 32. b5 c6 33. bxc6
bxc6 34. Rf4 g5 35. Rxe4 Rxe4 36. Kxe4 c5 37. Kd5 Kf8 38. a5 Ke7 39. a6 Kd7 40.
Kc4 Kc6 41. Kb3 Kd5 42. Kxa3 Kd4 43. Kb2 Kd3 44. Kc1 c4 45. Kd1 Kc3 46. Kc1 Kb3
47. Kd1 Kb2 48. Ke2 c3 49. Kd3 c2 50. Kc4 c1=Q+ 51. Kb5 Qe3 52. Kb4 Qxh3 53.
Kb5 Qxg4 54. Kc5 h5 55. Kc6 h4 56. Kb7 Qa4 57. Kxa7 Qxa6+ 58. Kxa6 h3 59. Kb5
h2 60. Kc5 h1=Q 61. Kd6 Qe4 62. Kc5 g4 63. Kb5 Qd4 64. Kc6 Qe5 65. Kb7 Qd6 66.
Ka7 Qb4 67. Ka6 Kc3 68. Ka7 Kc4 69. Ka6 Kc5 70. Ka7 Kc6 71. Ka6 Qb6# 1-0

[Event "4NCL Online Division 5"]
[Site "online"]
[Date "2020.04.21"]
[Round "3.73"]
[White "Sullivan, Luke"]
[Black "Jina, Asha"]
[Result "0-1"]
[WhiteElo "1585"]
[BlackElo "1600"]
[PlyCount "120"]
[EventDate "2020.04.21"]
[WhiteTeam "Rugeley"]
[BlackTeam "Bristol University B"]

1. c4 Nf6 2. Nc3 g6 3. Nf3 d6 4. g3 Bg7 5. d3 O-O 6. Bg2 Nc6 7. Rb1 a5 8. O-O
e5 9. Bd2 Be6 10. Qc1 Nh5 11. Bh6 f5 12. Bxg7 Nxg7 13. Ng5 Qf6 14. Nxe6 Nxe6
15. Nd5 Qg7 16. b3 Ncd4 17. Nc3 Rab8 18. Bd5 c6 19. Bg2 f4 20. g4 f3 21. exf3
Nxf3+ 22. Bxf3 Rxf3 23. Qd1 Rh3 24. f3 Rf8 25. Ne4 Qh6 26. Rb2 Nd4 27. Rbf2 Qe3
28. Kg2 Qh6 29. Kg1 Qh4 30. Nxd6 Nxf3+ 31. Rxf3 Qxg4+ 32. Rg3 Rxg3+ 33. hxg3
Qd4+ 34. Kg2 Rxf1 35. Kxf1 Qxd6 36. Qg4 Qxd3+ 37. Kg1 Qb1+ 38. Kg2 Qc2+ 39. Kh3
Qf5 40. c5 Qxg4+ 41. Kxg4 Kf7 42. Kg5 Ke6 43. a3 Kd5 44. b4 axb4 45. axb4 Kc4
46. Kh6 e4 47. Kxh7 e3 48. Kxg6 e2 49. g4 e1=Q 50. g5 Qxb4 51. Kh6 Qxc5 52. g6
Qd6 53. Kh7 Qd7+ 54. g7 b5 55. Kh8 Qh3+ 56. Kg8 b4 57. Kf7 Qf5+ 58. Ke8 Qg6+
59. Kf8 b3 60. g8=Q+ Qxg8+ 0-1

[Event "4NCL Online Division 5"]
[Site "online"]
[Date "2020.04.21"]
[Round "3.74"]
[White "Tsoukis, Marios"]
[Black "Wood, Ryan"]
[Result "1-0"]
[WhiteElo "1120"]
[BlackElo "1322"]
[PlyCount "47"]
[EventDate "2020.04.21"]
[WhiteTeam "Bristol University B"]
[BlackTeam "Rugeley"]

1. e4 e5 2. Nf3 Nc6 3. Bc4 Bc5 4. b4 Bxb4 5. c3 Bc5 6. d4 exd4 7. cxd4 Bb4+ 8.
Nbd2 Bc3 9. Rb1 Nxd4 10. Nxd4 Bxd4 11. Qb3 Qf6 12. O-O Ne7 13. Nf3 h6 14. Ba3
d6 15. Nxd4 Qxd4 16. Bxf7+ Kf8 17. Bb2 Qxe4 18. Rfe1 Qh4 19. Re3 Qf4 20. Rf3
Qg5 21. Bg6+ Qf6 22. Bxf6 gxf6 23. Rxf6+ Kg7 24. Qf7# 1-0

[Event "4NCL Online Division 5"]
[Site "online"]
[Date "2020.04.21"]
[Round "3.81"]
[White "Maton, James J"]
[Black "Palmer, Alan H"]
[Result "0-1"]
[WhiteElo "1562"]
[BlackElo "1787"]
[PlyCount "118"]
[EventDate "2020.04.21"]
[WhiteTeam "St Albans 3"]
[BlackTeam "Battersea Pawnbreakers"]

1. d4 f5 2. c4 Nf6 3. Nf3 e6 4. g3 c6 5. Bg2 d5 6. Nbd2 Bd6 7. c5 Be7 8. O-O
O-O 9. Ne5 b6 10. b4 Bb7 11. e3 Nbd7 12. Qe2 bxc5 13. Nxd7 Nxd7 14. bxc5 a5 15.
Re1 Qc7 16. f3 Ba6 17. Qd1 Bf6 18. Bf1 Bxf1 19. Rxf1 Rfb8 20. Ba3 e5 21. dxe5
Qxe5 22. Rb1 Qxe3+ 23. Kg2 Qxa3 24. Rxb8+ Rxb8 25. Qe2 Kf7 26. Re1 Nf8 27. f4
Rb2 28. Kh3 Rb8 29. Nf3 Qxc5 30. Ne5+ Kg8 31. Nd7 Nxd7 32. Qe6+ Kf8 33. Qxd7
Rd8 34. Qc7 Qd6 35. Qxa5 Re8 36. Rb1 g5 37. fxg5 Bxg5 38. Qa7 Be7 39. Qf2 Qg6
40. Qd4 Qg4+ 41. Qxg4 fxg4+ 42. Kxg4 Bf6 43. Rf1 Kg7 44. Kh5 Re5+ 45. Kg4 Rg5+
46. Kh3 c5 47. Kg2 Re5 48. a4 Re2+ 49. Kf3 Ra2 50. Rd1 Bd4 51. Re1 Rxa4 52.
Re7+ Kg6 53. Rd7 Ra2 54. Rxd5 Rxh2 55. Kg4 h5+ 56. Kf3 Rf2+ 57. Ke4 Re2+ 58.
Kd3 Re3+ 59. Kc4 Rxg3 0-1

[Event "4NCL Online Division 5"]
[Site "online"]
[Date "2020.04.21"]
[Round "3.82"]
[White "Valentine, Tim"]
[Black "Branch, Graham"]
[Result "1-0"]
[WhiteElo "1712"]
[BlackElo "1450"]
[PlyCount "83"]
[EventDate "2020.04.21"]
[WhiteTeam "Battersea Pawnbreakers"]
[BlackTeam "St Albans 3"]

1. e4 e6 2. d4 d5 3. Nc3 Bb4 4. Nge2 h6 5. a3 Be7 6. Ng3 Nf6 7. e5 Nfd7 8. Qg4
g6 9. Bd3 Nf8 10. h4 c5 11. Be3 cxd4 12. Bxd4 Nc6 13. Nge2 h5 14. Qg3 Nxd4 15.
Nxd4 Bc5 16. Qf4 a6 17. O-O-O Bd7 18. Rh3 Bxd4 19. Qxd4 Qc7 20. Rf3 Rh7 21. Re3
b5 22. g4 Rc8 23. gxh5 Rxh5 24. Be2 Rh6 25. Qf4 Rh7 26. Rh1 Qc5 27. Rd3 Qc4 28.
Rd4 Qc5 29. Bd3 Qe7 30. Nd1 Rh5 31. Ne3 Qc5 32. Ng4 Nh7 33. c3 Qf8 34. Kd2 g5
35. Qg3 Qg7 36. Bxh7 gxh4 37. Nf6+ Qxf6 38. Qg8+ Ke7 39. exf6+ Kd6 40. Qxf7 Be8
41. Qe7+ Ke5 42. f4# 1-0

[Event "4NCL Online Division 5"]
[Site "online"]
[Date "2020.04.21"]
[Round "3.83"]
[White "Wicks, Ben"]
[Black "Welch, Stephen T"]
[Result "0-1"]
[WhiteElo "1442"]
[BlackElo "1457"]
[PlyCount "112"]
[EventDate "2020.04.21"]
[WhiteTeam "St Albans 3"]
[BlackTeam "Battersea Pawnbreakers"]

1. e4 d5 2. exd5 Qxd5 3. Nc3 Qa5 4. d4 c6 5. Nf3 Nf6 6. Ne5 Bf5 7. Nc4 Qc7 8.
Qf3 Bxc2 9. Bf4 Qd8 10. Qe2 Bg6 11. Nd6+ Kd7 12. Nxb7 Qb6 13. Nc5+ Kd8 14. Rd1
Nd5 15. N3a4 Qb4+ 16. Bd2 Qb5 17. Qxb5 cxb5 18. Nb7+ Ke8 19. Bxb5+ Nd7 20. Nac5
Bf5 21. Bc6 Nc7 22. Ba5 Rc8 23. Ba4 e5 24. dxe5 Bxc5 25. Nxc5 Nb5 26. Nb7 Rb8
27. Nd6+ Nxd6 28. Rxd6 Ke7 29. Bxd7 Bxd7 30. b3 Rb5 31. Bd2 Rxe5+ 32. Be3 Kxd6
33. O-O Ke7 34. Bd4 Re6 35. Bc5+ Kf6 36. Bd4+ Kg6 37. Bxa7 Rhe8 38. Be3 f5 39.
g3 Kf7 40. Rb1 h6 41. a4 g5 42. Bd2 Kg6 43. Ra1 Bc6 44. Kf1 Bf3 45. a5 Be2+ 46.
Kg2 Ba6 47. Ra2 Re2 48. Rb2 Rd8 49. b4 Rdxd2 50. Rxd2 Rxd2 51. Kf3 Rb2 52. b5
Rxb5 53. Kg2 Rxa5 54. Kg1 Bb7 55. Kf1 Re5 56. Kg1 Re1# 0-1

[Event "4NCL Online Division 5"]
[Site "online"]
[Date "2020.04.21"]
[Round "3.84"]
[White "Rebbeck, Christopher"]
[Black "Gemmell, Adam"]
[Result "1-0"]
[WhiteElo "1412"]
[BlackElo "1390"]
[PlyCount "53"]
[EventDate "2020.04.21"]
[WhiteTeam "Battersea Pawnbreakers"]
[BlackTeam "St Albans 3"]

1. e4 e5 2. Nf3 Nc6 3. Bc4 Bc5 4. c3 Nf6 5. d4 exd4 6. cxd4 Bb4+ 7. Nc3 Nxe4 8.
O-O d5 9. Bb5 Nxc3 10. bxc3 Bxc3 11. Ba3 Bxa1 12. Qa4 Bc3 13. Ne5 Rb8 14. Bxc6+
bxc6 15. Qxc6+ Bd7 16. Qxc3 f6 17. Nd3 Kf7 18. Nf4 Bb5 19. Rc1 c6 20. Nh5 Re8
21. Qg3 g6 22. Nf4 Re4 23. h3 Kg7 24. h4 Qc7 25. Nh5+ Kh6 26. Qxc7 Rbe8 27.
Nxf6 1-0

[Event "4NCL Online Division 5"]
[Site "online"]
[Date "2020.04.21"]
[Round "3.91"]
[White "Vig, Sanjay"]
[Black "Chatterton, Craig"]
[Result "1-0"]
[WhiteElo "1532"]
[BlackElo "1622"]
[PlyCount "48"]
[EventDate "2020.04.21"]
[WhiteTeam "Watford 3"]
[BlackTeam "Darnall & Handsworth"]

1. e4 e6 2. d4 d5 3. e5 c5 4. c3 Nc6 5. Nf3 Bd7 6. Bd3 Qb6 7. Nbd2 cxd4 8. cxd4
Nxd4 9. Nxd4 Qxd4 10. Nf3 Bb4+ 11. Kf1 Qb6 12. Be3 Qd8 13. a3 Ba5 14. b4 Bb6
15. Nd4 a6 16. Qg4 Kf8 17. Ke2 Ne7 18. h4 Ng6 19. f4 Bc7 20. h5 Nxe5 21. fxe5
Bxe5 22. Rhf1 Bf6 23. h6 g6 24. Qf4 Ke7 1-0

[Event "4NCL Online Division 5"]
[Site "online"]
[Date "2020.04.21"]
[Round "3.92"]
[White "Black, Robert"]
[Black "Tathare, Sandesh"]
[Result "1-0"]
[WhiteElo "1577"]
[BlackElo "1555"]
[PlyCount "65"]
[EventDate "2020.04.21"]
[WhiteTeam "Darnall & Handsworth"]
[BlackTeam "Watford 3"]

1. b4 b5 2. Bb2 Bb7 3. e3 d6 4. Nf3 Nd7 5. Bxb5 a6 6. Be2 Ngf6 7. c4 e5 8. d3
Be7 9. O-O O-O 10. Nbd2 Ng4 11. h3 Nh6 12. a4 Nf5 13. Qc2 Nh4 14. Nxh4 Bxh4 15.
Nf3 f5 16. b5 e4 17. dxe4 fxe4 18. Nxh4 Qxh4 19. Bg4 Nf6 20. Bxf6 Rxf6 21. c5
axb5 22. axb5 dxc5 23. Rxa8+ Bxa8 24. Qxc5 c6 25. Qa7 Rf8 26. bxc6 Bxc6 27.
Be6+ Kh8 28. Qc5 Qf6 29. Qxc6 h5 30. Bd5 Qg5 31. Bxe4 Rf6 32. Qe8+ Rf8 33.
Qxf8# 1-0

[Event "4NCL Online Division 5"]
[Site "online"]
[Date "2020.04.21"]
[Round "3.93"]
[White "Hylands, Keith"]
[Black "Feather, Harry"]
[Result "0-1"]
[WhiteElo "1382"]
[BlackElo "1562"]
[PlyCount "84"]
[EventDate "2020.04.21"]
[WhiteTeam "Watford 3"]
[BlackTeam "Darnall & Handsworth"]

1. e4 e6 2. d4 d5 3. e5 c5 4. c3 Ne7 5. Bd3 cxd4 6. cxd4 Nec6 7. Nf3 b6 8. O-O
Ba6 9. a3 Bxd3 10. Qxd3 a5 11. Nc3 Be7 12. Ne1 O-O 13. f4 f6 14. Rf3 fxe5 15.
fxe5 Rxf3 16. Nxf3 Nd7 17. Be3 h6 18. Rf1 Qe8 19. Qd2 Qg6 20. Ne2 Rc8 21. Nf4
Qf5 22. Nh3 Nd8 23. Ne1 Qh7 24. Rf3 Qb1 25. Rg3 Rc2 26. Rxg7+ Kxg7 27. Bxh6+
Kf7 28. Qf4+ Ke8 29. Kf1 Rxb2 30. Qg4 Qh7 31. Bg5 Bxg5 32. Nxg5 Qxh2 33. Ngf3
Qh1+ 34. Ng1 Qh7 35. Ngf3 b5 36. Kg1 b4 37. Nd3 Rb1+ 38. Nde1 bxa3 39. Ng5
Rxe1+ 40. Kf2 Qf5+ 41. Qxf5 exf5 42. Kxe1 a2 0-1

[Event "4NCL Online Division 5"]
[Site "online"]
[Date "2020.04.21"]
[Round "3.94"]
[White "Oughton, John M"]
[Black "Nokes, Oliver"]
[Result "1-0"]
[WhiteElo "1127"]
[BlackElo "1350"]
[PlyCount "69"]
[EventDate "2020.04.21"]
[WhiteTeam "Darnall & Handsworth"]
[BlackTeam "Watford 3"]

1. e4 e5 2. Nf3 Nc6 3. Nc3 Bc5 4. Bb5 a6 5. Bc4 Nf6 6. O-O O-O 7. d3 d6 8. Nd5
h6 9. Qe2 Na5 10. b4 Nxd5 11. Bxd5 Bxb4 12. a3 Bc3 13. Rb1 c6 14. Ba2 b5 15.
Bd2 Bxd2 16. Qxd2 Bg4 17. Qe3 c5 18. Bd5 Rb8 19. h3 Bd7 20. Qd2 Nc6 21. c3 Ne7
22. Ba2 Ng6 23. c4 Nh4 24. Qe3 Qf6 25. Nxh4 Qxh4 26. cxb5 axb5 27. a4 b4 28.
Bb3 Ra8 29. Ra1 Qf4 30. a5 Qf6 31. a6 Rfb8 32. a7 Rb7 33. Bd5 Rbxa7 34. Bxa8
Ba4 35. Bc6 1-0

[Event "4NCL Online Division 5"]
[Site "online"]
[Date "2020.04.21"]
[Round "3.101"]
[White "Hilditch-Love, Daniel"]
[Black "Kassey, Amaan"]
[Result "1-0"]
[WhiteElo "1585"]
[BlackElo "1660"]
[PlyCount "47"]
[EventDate "2020.04.21"]
[WhiteTeam "Shropshire 4"]
[BlackTeam "MCS Oxford Juniors"]

1. Nf3 d5 2. c4 dxc4 3. e3 Nc6 4. Bxc4 Bg4 5. Bxf7+ Kxf7 6. Ng5+ Ke8 7. Qxg4
Nf6 8. Qe2 Qd5 9. Nf3 Nb4 10. d4 Ne4 11. Nc3 Qc6 12. O-O Nxc3 13. bxc3 Nd5 14.
Ne5 Qf6 15. Qb5+ c6 16. Qxb7 Nb6 17. a4 Qd6 18. a5 Rb8 19. Qxc6+ Qxc6 20. Nxc6
Rc8 21. axb6 axb6 22. Ne5 Rxc3 23. Ra8+ Rc8 24. Rxc8# 1-0

[Event "4NCL Online Division 5"]
[Site "online"]
[Date "2020.04.21"]
[Round "3.102"]
[White "Khan, Samir"]
[Black "Jones, Andrew"]
[Result "1-0"]
[WhiteElo "1600"]
[BlackElo "1502"]
[PlyCount "53"]
[EventDate "2020.04.21"]
[WhiteTeam "MCS Oxford Juniors"]
[BlackTeam "Shropshire 4"]

1. e4 c5 2. Nf3 Nc6 3. d4 cxd4 4. Nxd4 d6 5. Bb5 Bd7 6. Nxc6 Bxc6 7. Bxc6+ bxc6
8. Nc3 Nf6 9. O-O e6 10. Qf3 Rb8 11. Rd1 Be7 12. e5 Nd5 13. exd6 Bxd6 14. Ne4
Bc7 15. c4 f5 16. Ng5 Qd6 17. Qh3 Nf4 18. Bxf4 Qxf4 19. Nxe6 Qe5 20. Re1 Qxb2
21. Nxc7+ Kf8 22. Qxf5+ Qf6 23. Qd7 Qf7 24. Ne6+ Kg8 25. Qd6 Rc8 26. Nd8 Qf6
27. Re8+ 1-0